[Event "Voronezh op-B 22nd"]
[Site "Voronezh"]
[Date "2018.06.18"]
[Round "7"]
[White "Volovich, Evgeny"]
[Black "Strukov, Dmitry"]
[Result "1/2-1/2"]
[WhiteElo "1617"]
[BlackElo "1737"]
[PlyCount "138"]
[EventDate "2018.06.12"]
[EventType "swiss"]
[EventRounds "9"]
[EventCountry "RUS"]
[SourceTitle "CBM 185 Extra"]
[Source "ChessBase"]
[SourceDate "2018.07.29"]
[SourceVersion "1"]
[SourceVersionDate "2018.07.29"]
[SourceQuality "1"]

1. e4 c5 2. Nf3 d6 3. d4 cxd4 4. Nxd4 Nf6 5. Nc3 g6 6. Be3 Bg7 7. f3 0-0 8. Qd2 Nc6 9. 0-0-0 Nxd4 10. Bxd4 Be6 11. Kb1 Re8 12. g4 Rc8 13. h4 h5 14. gxh5 Nxh5 15. Bxg7 Nxg7 16. h5 gxh5 17. Qg5 Rc5 18. Nd5 Bxd5 19. exd5 e6 20. Qh6 Rxd5 21. Rxd5 exd5 22. Bd3 f5 23. Bxf5 Qe7 24. Bh7+ Kf8 25. Qf4+ Qf7 26. Qxd6+ Re7 27. Re1 Ne8 28. Qh6+ Qg7 29. Qf4+ Rf7 30. Qb4+ Re7 31. Bd3 Qf6 32. a3 b6 33. Rxe7 Qxe7 34. Qf4+ Qf6 35. Qg3 h4 36. Qg4 a5 37. Bh7 Ke7 38. f4 Ng7 39. Bd3 Ne6 40. Bf5 Nc5 41. Bd3 Na4 42. c3 Nc5 43. Bc2 Kd6 44. Ka2 d4 45. cxd4 Qe6+ 46. Qxe6+ Nxe6 47. Be4 Nxd4 48. b3 h3 49. Kb2 Ne2 50. f5 Ng3 51. Bf3 Nxf5 52. Kc3 h2 53. Kc4 Ng3 54. Kb5 Kc7 55. a4 Nf5 56. Bg2 Nd4+ 57. Kc4 Nc6 58. Kb5 Nd4+ 59. Kc4 Nc2 60. Be4 Kd6 61. Kb5 Kc7 62. Bg2 Na3+ 63. Ka6 Nb1 64. Kb5 Na3+ 65. Ka6 Nc2 66. Kb5 Nd4+ 67. Kc4 Nc2 68. Kb5 Nb4 69. Bh1 Na2 1/2-1/2

[Event "Voronezh op-B 22nd"]
[Site "Voronezh"]
[Date "2018.06.15"]
[Round "4"]
[White "Volovich, Evgeny"]
[Black "Yaurov, Egor"]
[Result "0-1"]
[WhiteElo "1617"]
[BlackElo "1825"]
[PlyCount "80"]
[EventDate "2018.06.12"]
[EventType "swiss"]
[EventRounds "9"]
[EventCountry "RUS"]
[SourceTitle "CBM 185 Extra"]
[Source "ChessBase"]
[SourceDate "2018.07.29"]
[SourceVersion "1"]
[SourceVersionDate "2018.07.29"]
[SourceQuality "1"]

1. e4 c6 2. Nf3 d5 3. Nc3 Nf6 4. e5 Ne4 5. d4 Nxc3 6. bxc3 e6 7. Bd3 Nd7 8. 0-0 Qc7 9. Ng5 Be7 10. Nxh7 g6 11. Ng5 Nf8 12. h3 Rh5 13. Nxf7 Kxf7 14. Bxg6+ Kxg6 15. Qg4+ Bg5 16. f4 Qh7 17. fxg5 Bd7 18. Rf6+ Kg7 19. Ba3 Ng6 20. Raf1 Be8 21. Bf8+ Nxf8 22. Rxf8 Qg6 23. h4 Qe4 24. Qxe6 Qe3+ 25. R8f2 Rxh4 26. Qf6+ Kg8 27. Qf8+ Kh7 28. Qe7+ Kg6 29. Qf6+ Kh5 30. Qf3+ Qxf3 31. Rxf3 Bg6 32. Re1 Kxg5 33. Rg3+ Rg4 34. Rf3 Rf4 35. Kf2 Be4 36. Rxf4 Kxf4 37. Rg1 Bxc2 38. g3+ Kg4 39. Ke3 Rf8 40. Kd2 Be4 0-1

[Event "Voronezh op-B 22nd"]
[Site "Voronezh"]
[Date "2018.06.14"]
[Round "3"]
[White "Sokolovsky, Victor"]
[Black "Volovich, Evgeny"]
[Result "1-0"]
[WhiteElo "1866"]
[BlackElo "1617"]
[PlyCount "37"]
[EventDate "2018.06.12"]
[EventType "swiss"]
[EventRounds "9"]
[EventCountry "RUS"]
[SourceTitle "CBM 185 Extra"]
[Source "ChessBase"]
[SourceDate "2018.07.29"]
[SourceVersion "1"]
[SourceVersionDate "2018.07.29"]
[SourceQuality "1"]

1. e4 e6 2. d4 d5 3. Nd2 Nc6 4. Ngf3 Nf6 5. Bd3 Nb4 6. 0-0 Nxd3 7. cxd3 Bb4 8. Qa4+ c6 9. Qxb4 Qb6 10. Qa3 Bd7 11. e5 Nh5 12. Nb3 0-0-0 13. g4 g6 14. gxh5 gxh5 15. Bd2 Rhg8+ 16. Kh1 Rg6 17. Nc5 Rdg8 18. Nxd7 Kxd7 19. Ba5 1-0

[Event "Voronezh op-B 22nd"]
[Site "Voronezh"]
[Date "2018.06.13"]
[Round "2"]
[White "Volovich, Evgeny"]
[Black "Kalashnikova, Elena"]
[Result "1-0"]
[WhiteElo "1617"]
[BlackElo "1774"]
[PlyCount "75"]
[EventDate "2018.06.12"]
[EventType "swiss"]
[EventRounds "9"]
[EventCountry "RUS"]
[SourceTitle "CBM 185 Extra"]
[Source "ChessBase"]
[SourceDate "2018.07.29"]
[SourceVersion "1"]
[SourceVersionDate "2018.07.29"]
[SourceQuality "1"]

1. e4 d5 2. exd5 Qxd5 3. Nc3 Qd6 4. d4 Nf6 5. Nf3 Bg4 6. h3 Bh5 7. g4 Bg6 8. Ne5 c6 9. Bf4 Qd8 10. Bc4 e6 11. h4 Bb4 12. f3 Nd5 13. Bxd5 exd5 14. h5 f6 15. hxg6 fxe5 16. Bxe5 Qe7 17. Qe2 Kf8 18. Bxb8 Bxc3+ 19. bxc3 Rxb8 20. Qxe7+ Kxe7 21. gxh7 Kf7 22. Kf2 Kg6 23. f4 Kf6 24. Rae1 g6 25. g5+ Kf7 26. Kf3 Rbc8 27. Kg4 c5 28. f5 cxd4 29. fxg6+ Kxg6 30. Re6+ Kf7 31. Kf5 Rc7 32. Rhe1 Rf8 33. Rf6+ Kg7 34. Rxf8 Kxh7 35. Rfe8 Rf7+ 36. Kg4 Rf2 37. R1e7+ Kg6 38. Rg8# 1-0